000 00786nam a22002177a 4500
999 _c14112
_d14112
003 AR-CdUCM
008 190422b ||||| |||| 00| 0 spa d
040 _aMUNICIPALIDAD PROVINCIAL DEL CUSCO
_cBIBLIOTECA MUNICIPAL DEL CUSCO
082 _aC / 613.1 /
_bAN62
110 _a"Campaña antileprosa en Andahuylas"
_932776
245 _aVencer la lepra :
_bFolleto de propaganda /
260 _aCuzco :
_bAmauta,
_c1939.
300 _a12 páginas ;
_c25 cm.
505 _a Contenido : ¿Que enfermedad es la lepra? -- ¿Se conoce la causa que la produce? -- ¿La lepra es enfermedad contagiosa? ...
650 _aSalud
_98684
650 _aPrevención
_99797
650 _aLepra
_932777
700 _aE. Gonzales, Dagoberto
_932778
942 _2ddc
_cFOLLETOS
945 _arah
_d22/04/2019